Rap FR culture G - Statistiques

Statistiques générales
  • Ce quiz a été pris 181 fois
  • Le résultat moyen est 4 sur 10
Statistiques - réponses
Question Réponse % Correct
Lequel de ses rappeur n'a pas feat avec Booba ? Bosh
59%
Quel rappeur a dit : "Les vrais amis se font rares, donc ton hypocrisie me fait rire" ? Ninho
58%
Quel rappeur a dit : "L'amour est une essence, la mort est une naissance" ? Nekfeu
44%
Lequel de ces albums n'existe pas ? 2 Tours D'Avance
38%
Lequel de ces feat n'existe pas ? Damso, PLK
35%
Quel rappeur a dit : "Tu n'peux que gagner quand t'as rien à perdre" ? Booba
29%
De ces rappeur, lequel a vendu le moins de disque ? 01/05/2025 Vald
29%
Lequel de ces titres est un son d'Hugo TSR ? Interlude
28%
Lequel de ces titre de Orelsan n'existe pas ? A la longue
23%
Quel groupe a fait le son : Rien n't'appartient Sexion D'Assaut
14%
Aucun quiz correspondant
Distribution des résultats
% des personnes avec chaque résultat
Percentile par nombre de réponses
Votre historique - résultats
Vous n’avez pas pris ce quiz